000 00275nam a2200109Ia 4500
008 190216s9999||||xx |||||||||||||| ||und||
100 _aDas Gupta N
245 0 _aAccounting For Agriculture
260 _bPublications Division Govt. Of India
_c1980
300 _a33p
942 _cBK
999 _c5042
_d5042